Governing the UK / (Record no. 9441)

MARC details
000 -LEADER
fixed length control field 00974nac a22002531u 4500
010 ## - LIBRARY OF CONGRESS CONTROL NUMBER
LC control number 96143072
020 ## - INTERNATIONAL STANDARD BOOK NUMBER
International Standard Book Number 0631167420 (pbk)
020 ## - INTERNATIONAL STANDARD BOOK NUMBER
International Standard Book Number 0631198865
082 00 - DEWEY DECIMAL CLASSIFICATION NUMBER
Classification number 320.441
Item number PEE
090 ## - LOCALLY ASSIGNED LC-TYPE CALL NUMBER (OCLC); LOCAL CALL NUMBER (OCLC)
-- 9441
-- 9441
100 ## - MAIN ENTRY--PERSONAL NAME
Personal name Peele, Gillian,
245 10 - TITLE STATEMENT
Title Governing the UK /
Statement of responsibility, etc Gillian Peele.
250 ## - EDITION STATEMENT
Edition statement 3rd ed.
260 ## - PUBLICATION, DISTRIBUTION, ETC. (IMPRINT)
Place of publication, distribution, etc Oxford, UK ;
-- Cambridge, Mass. :
Name of publisher, distributor, etc Blackwell,1995
Date of publication, distribution, etc 1995.
300 ## - PHYSICAL DESCRIPTION
Extent xxii, 547 p. :
Other physical details ill. ;
Dimensions 25 cm.
500 ## - GENERAL NOTE
General note Rev. ed. of: The government of the UK / Max Beloff, Gillian Peele. 2nd ed. 1985.
500 ## - GENERAL NOTE
General note distributer: Al-Ahram
504 ## - BIBLIOGRAPHY, ETC. NOTE
Bibliography, etc Includes bibliographical references (p. [508]-516) and index.
511 ## - PARTICIPANT OR PERFORMER NOTE
Participant or performer note catalogued by: wessam
651 #0 - SUBJECT ADDED ENTRY--GEOGRAPHIC NAME
Geographic name Great Britain
General subdivision Politics and government
Chronological subdivision 1945-
700 1# - ADDED ENTRY--PERSONAL NAME
Personal name Beloff, Max Beloff,
Titles and other words associated with a name Baron,
Dates associated with a name 1913-
942 ## - ADDED ENTRY ELEMENTS (KOHA)
Item type Book - Borrowing
Call number prefix 320.441PEE
Holdings
Withdrawn status Item status Damaged status Not for loan Home library Current library Shelving location Date acquired Source of acquisition Total Checkouts Total Renewals Full call number Barcode Date last seen Date last borrowed Koha item type
        Central Library Central Library First floor 08/05/2012 Purchase 6 14 320.441PEE 000011355 11/10/2025 06/10/2025 Book - Borrowing